000 00545nam a2200181Ia 4500
008 140925s9999 xx 000 0 und d
020 _a1536-0687
100 _aShushok Jr., Frank.
245 _aAbout campus /
_cFrank Shushok Jr.
_h[electronic resource]
260 _bJohn Wiley & Sons, Inc.,
_cc2014.
516 _aElectronic text
650 _aCampus.
650 _aEducation.
830 _aJohn Wiley & Sons, Inc.
856 _uhttp://onlinelibrary.wiley.com/journal/10.1002/%28ISSN%291536-0687
942 _cEJ
999 _c275815
_d275815